| 000 | 00854nas a2200289 4500 | ||
|---|---|---|---|
| 001 | BR0906225 | ||
| 003 | BR-BrBNA | ||
| 005 | 20231205113510.0 | ||
| 007 | ta | ||
| 008 | 230509b bl.|||p| |||| 00| 00por d | ||
| 040 |
_aBR-BrBNA _bpor _cBiblioteca Nacional de Agricultura |
||
| 041 | _a(En) | ||
| 072 | _aP34 | ||
| 100 | 1 | _aMarchi, G. | |
| 100 | 1 | _aGuilherme, L.R.G. | |
| 100 | 1 | _aChang, A.C. | |
| 100 | 1 | _aNascimento, C.W.A. do | |
| 245 | 1 | _aHeavy metals extractability in a soil amended with sewage sludge | |
| 650 | _aMETAL PESADO | ||
| 650 | _aEXTRAÇÃO | ||
| 650 | _aSOLO | ||
| 650 | _aLODO RESIDUAL | ||
| 773 | 0 |
_tScientia Agricola (Brazil) _xISSN 0103-9016 _g(Sep-Oct 2009), v. 66(5) p. 643-649 _wBR0906225 |
|
| 856 | 4 | 0 | _uhttp://www.aprh.pt/rgci-155_Borges.pdf |
| 909 |
_a202311 _bLúcia _c55 _dLúcia Elande |
||
| 942 |
_2AGRIS _n0 _cANA |
||
| 999 |
_c204111 _d204111 |
||